000 01368cad a22002415a 4500
001 L154508
008 111216s2011 xxk f 000 0 eng d
035 _a(Sirsi) u154508
041 0 _aeng
100 1 _aMcIntyre, Steve
110 2 _aSpeedy Services
245 0 4 _aThe regeneration game
_bthe CBI/Speedy Services construction survey 2011-12
_h[electronic resource]
260 _aLondon
_bCBI
_c2011
505 2 _aThe construction landscape -- The first CBI/Speedy Services national construction survey -- Firms have faced a tough operating environment -- Dealing with barriers to growth and investment -- Rising to the jobs challenge -- Sustainability: core for businesses and clients -- Impact of government strategies: all change?
520 _aThis is the first construction survey from the CBI, it discusses some of the challenges facing the sector and looks at opportunities for companies in the construction supply chain to take advantage of for driving growth in 2012.
590 _aKA NTK
651 4 _aUnited Kingdom
_y
690 _aBUILT ENVIRONMENT-CONSTRUCTION MARKET
700 1 _aBrookman, Gavin
710 1 _aConfederation of British Industry
_9414
856 4 0 _uhttps://www.cbi.org.uk/media/1221785/cbi-speedy_services_the_regeneration_game_december_2011.pdf
_zView the construction survey free of charge at www.cbi.org.uk
942 _n0
999 _c113019
_d113019